| 000 | 00552nam a22001937a 4500 | ||
|---|---|---|---|
| 003 | MPLRDC | ||
| 005 | 20220105061052.0 | ||
| 008 | 210129b ||||| |||| 00| 0 eng d | ||
| 020 | _a978-986-179-450-1 | ||
| 082 | _a947.415 GMZZ-24 | ||
| 100 | _a高木直子 NAOKO TAKAGI 图文 | ||
| 245 |
_a一个人住第几年? _c洪俞君 译; 陈欣慧 手写字 |
||
| 250 | _a初版 | ||
| 260 |
_a台湾 _b大田出版有限公司 _c2016 |
||
| 300 | _b平 | ||
| 490 | _aTITAN: 120 | ||
| 650 | _a漫画--多格 多单元 | ||
| 942 |
_cBK _o947.415 GMZZ-24 |
||
| 999 |
_c68359 _d68349 |
||